000
00296nam a22001337a 4500
008
181023b xxu||||| |||| 00| 0 eng d
020
_a
9780073000282
041
_a
eng
080
_2
5 ed
_a
159.9
100
_a
49
101
_a
psi
245
_a
Social Psychology
_c
James.A.W
942
_2
udc
_c
BK
999
_c
50572
_d
50572